000 00267nam a2200097Ia 4500
001 641677
005 20250826153512.0
008 250824s9999 xx 000 0 und d
245 0 _aWILHELM TELL GENÇLİK KLASİKLERİ
_cFRIEDRICH VON SCHILLER
260 _bTİMAŞ ÇOCUK
999 _c641677
_d641677